| 000 | 01206cam a2200301 a 4500 | ||
|---|---|---|---|
| 001 | 13679541 | ||
| 005 | 20050617083007.0 | ||
| 008 | 040806s2005 ohua b 001 0 eng | ||
| 010 | _a2004555434 | ||
| 020 | _a032427050X | ||
| 040 |
_aDLC _cDLC |
||
| 043 | _an-us--- | ||
| 050 | 0 | 0 |
_aKF889.5 _b.M54 2005 |
| 082 | 0 | 4 |
_a346.7307 _221 _bMIL |
| 100 | 1 |
_aMiller, Roger LeRoy. _95090 |
|
| 245 | 1 | 0 |
_aBusiness Law : _bText and Exercises / _cRoger LeRoy Miller, William Eric Hollowell. |
| 250 | _a4th ed. | ||
| 260 |
_aMason, Ohio : _bThomson/South-Western West, _cc2005. |
||
| 300 |
_a1 v. (various pagings) : _bill. ; _c28 cm. |
||
| 504 | _aIncludes bibliographical references and index. | ||
| 650 | 0 |
_aBusiness law _zUnited States _vProblems, exercises, etc. _95091 |
|
| 650 | 0 |
_aCommercial law _zUnited States _vProblems, exercises, etc. _95092 |
|
| 650 | 0 |
_aContracts _zUnited States _vProblems, exercises, etc. _95093 |
|
| 700 | 1 |
_aHollowell, William E. _95094 |
|
| 942 |
_2ddc _cBB |
||
| 999 |
_c11608 _d11608 |
||